Normal view
MARC view
- بقلم طباره، عفيف عبد الفتاح
Entry Personal Name
001 - CONTROL NUMBER
- control field: 39253
003 - CONTROL NUMBER IDENTIFIER
- control field: JO-AjAnu
005 - DATE AND TIME OF LATEST TRANSACTION
- control field: 20230606080529.0
008 - FIXED-LENGTH DATA ELEMENTS
- fixed length control field: 230606|| aca||aabn | a|a d
040 ## - CATALOGING SOURCE
- Original cataloging agency: JO-AjAnu
- Transcribing agency: JO-AjAnu
100 ## - HEADING--PERSONAL NAME
- Personal name: بقلم طباره، عفيف عبد الفتاح
670 ## - SOURCE DATA FOUND
- Source citation: Work cat.: (JO-AjAnu)20131: بقلم طباره، عفيف عبد الفتاح, author, روح القرأن الكريم : تفسير الجزء الرابع عشر وقسم من الجزء الخامس عشر : سورة الحجر، سورة النحل، سورة الإسراء